TEXTBOOK OF ADVANCE NURSING PRATICE (Record no. 83690)
[ view plain ]
| 000 -LEADER | |
|---|---|
| fixed length control field | 00238 a2200097 4500 |
| 020 ## - INTERNATIONAL STANDARD BOOK NUMBER | |
| International Standard Book Number | 9789351522010 |
| 100 ## - MAIN ENTRY--PERSONAL NAME | |
| Personal name | NAVDEEP KAUR |
| 9 (RLIN) | 106111 |
| 245 ## - TITLE STATEMENT | |
| Title | TEXTBOOK OF ADVANCE NURSING PRATICE |
| 250 ## - EDITION STATEMENT | |
| Edition statement | 1ST ED. |
| 260 ## - PUBLICATION, DISTRIBUTION, ETC. (IMPRINT) | |
| Name of publisher, distributor, etc. | EMMESS PUBLISHERS |
| Date of publication, distribution, etc. | 2022 |
No items available.